The Least Known Steal a Brainrot Characters - Statistics

General Stats
  • This quiz has been taken 13 times
    5 since last reset
  • The average score is 30 of 52
Answer Stats
Picture Answer % Correct
Yeti Claus
100%
Brutto Gialutto
75%
Buho Del Cielo
75%
Caramello Filtrello
75%
Centrucci Nuclucci
75%
Cola Cat
75%
Frogato Pirato
75%
Frogo Elfo
75%
Ginger Globo
75%
Harpuccino
75%
Karker Sahur
75%
Los Jolly Combinasionas
75%
Money Money Man
75%
Noobini Santanini
75%
Penguin Tree
75%
Pi Pi Watermelon
75%
Please My Present
75%
Sealo Regalo
75%
Tartaragno
75%
Astrolero Cervalero
50%
Buho De Noelo
50%
Bunito Bunito Spinito
50%
Chimpanzini Spiderini
50%
Chocco Bunny
50%
Cupcake Koala
50%
Divino Platypio
50%
Donkeyturbo Express
50%
Fishino Clownino
50%
Frankentteo
50%
Ginger Cisterna
50%
Gorillo Subwoofero
50%
Holy Arepa
50%
Jacko Spaventosa
50%
Jingle Jingle Sahur
50%
Magi Ribbitini
50%
Mummio Rappitto
50%
Pengolino Nuvoletto
50%
Pinealotto Fruttarino
50%
Pirulitoita Bicicleteira
50%
Quackini Snackini
50%
Quackula
50%
Rang Ring Bus
50%
Rhino Helicopterino
50%
Snailenzo
50%
Statutino Libertino
50%
Tenini Ballini
50%
Tree Tree Tree Sahur
50%
Trenostruzzo Turbo 4000
50%
Urubini Flamenguini
50%
Buho De Fuego
25%
Celularcini Viciosini
25%
Tirilikalika Tirilikalako
25%
No matching quizzes found
Score Distribution
Percent of People with Each Score
Percentile by Number Answered
Your Score History
You have not taken this quiz since the last reset